| 000 | 00557nam a2200133Ia 4500 | ||
|---|---|---|---|
| 008 | 231129s1995||||xx |||||||||||||| ||spa|| | ||
| 040 | _bspa | ||
| 082 | _a362.82 C718r | ||
| 100 | _aColombia. Consejeria presidencial para la politica social | ||
| 245 | 0 | _aReflexiones para la intervencion en la problematica familiar : Proyecto nacional de fortalecimiento institucional capacitacion y evaluacion de comisarias de familia | |
| 260 | _c1995 | ||
| 264 | _aPresidencia de la República / Programa de las Naciones Unidas para el Desarrollo | ||
| 942 |
_2ddc _cBKS |
||
| 999 |
_c23833 _d23833 |
||